Popularne numery rap/trap tygodnia 22-28.01 Spotify. - Statystyki

Ogólne statystyki
  • Ten quiz został rozwiązany 11 razy
  • Średni wynik to 18 z 30
Statystyki odpowiedzi
Wykonawca Odsłuchania Utwór % Poprawnych
Wiatr, Sobel, Be Vis 501K Testarossa
100%
Reto 402K Billy Kid
90%
Quebonafide, Daria Zawiałow 391K BUBBLETEA
90%
Alberto 378K Dwutakt
90%
Żabson, Young Leosia, Beteo, Borucci 293K ULALA
90%
Guzior, Oskar83 672K FALA
80%
Sobel 373K Impreza
80%
Sobel 385K Kinol
80%
Guzior 737K BLUEBERRY
70%
Bedoes, Lanek 426K Chrome Hearts /
70%
Kizo, Trill Pem 392K Fitness
70%
Quebonafide, Mick Jenkins 294K MATCHA LATTE
70%
Kabe 441K Nad ranem
70%
Żabson, Vladimir Cauchemar 632K OBOK
70%
Bedoes, Lanek 467K NBP /
60%
Taco Hemingway 323K Polskie Tango
60%
Bedoes, Lanek 648K TOA$T /
60%
Szpaku, Dziarma 321K Wino
60%
PRO8LEM, Brodka 393K Żar
60%
Bedoes, Lanek 332K Mbappe /
50%
Bedoes, Lanek, Szpaku 311K Nawiedzony Dom /
50%
Szpaku, Zdechły Osa 316K Zły
50%
Bedoes, Lanek, Blu 345K Bukiet Białych Róż (SQUADSHIT #13) /
40%
Chivas, White 2115 376K Mam Na Twarzy Krew I Tym razem Nie Jest Sztuczna
40%
Szpaku 388K NPC
40%
Szpaku, Chivas 341K Potwór
40%
Bedoes, Lanek 295K City Boy
30%
Bedoes, Lanek 316K Tajemnice Atlantydy /
30%
Bedoes, Lanek 297K Tatuaże i Striptiz /
30%
Bedoes, Lanek 288K Doda
20%
Nie znaleziono quizów pasujących do podanych kryteriów
Rozkład punktacji
Procent ludzi z każdym wynikiem
Percentyl według liczby udzielonych odpowiedzi
Twoja historia wyników
Nie rozwiązałeś tego quizu